[Event "Kazakhstan Cup Women 2020"]
[Site "Almaty"]
[Date "2020.12.16"]
[Round "7.5"]
[White "Dauletova, Gulmira"]
[Black "Abdildayeva, Laura"]
[Result "0-1"]
[WhiteElo "2319"]
[BlackElo "1845"]
[Annotator "ChessBase"]
[PlyCount "168"]
[EventDate "2020.12.01"]
[EventType "tourn"]
[EventCountry "KAZ"]
[SourceTitle "playchess.com"]
[Source "ChessBase"]
[SourceQuality "1"]
[TimeControl "40/5400+30:1800+30"]

1. e4 {[%emt 0:00:00]} e6 {[%emt 0:00:00]} 2. d4 {[%emt 0:00:16]} d5 {[%emt 0:00:00]} 3. e5 {[%emt 0:00:25]} c5 {[%emt 0:00:00]} 4. c3 {[%emt 0:00:21]} Nc6 {[%emt 0:00:00]} 5. Nf3 {[%emt 0:00:23]} Bd7 {[%emt 0:00:09]} 6. Be2 {[%emt 0:00:51]} Nge7 {[%emt 0:00:20]} 7. O-O {[%emt 0:00:36]} Nf5 {[%emt 0:00:27]} 8. dxc5 {[%emt 0:01:36]} Bxc5 {[%emt 0:00:17]} 9. Bd3 {[%emt 0:00:36]} Nh4 {[%emt 0:01:20]} 10. Nbd2 {[%emt 0:00:20]} Ng6 {[%emt 0:00:57]} 11. Nb3 {[%emt 0:00:41]} Be7 {[%emt 0:02:44]} 12. Re1 {[%emt 0:01:02]} Qc7 {[%emt 0:00:55]} 13. Qe2 {[%emt 0:02:29]} O-O {[%emt 0:01:21]} 14. Nbd4 {[%emt 0:10:39]} h6 {[%emt 0:01:43]} 15. Nxc6 {[%emt 0:13:51]} bxc6 {[%emt 0:00:30]} 16. c4 {[%emt 0:00:48]} Rab8 {[%emt 0:06:36]} 17. Qc2 {[%emt 0:07:53]} Qa5 {[%emt 0:06:04]} 18. Re2 {[%emt 0:06:24]} Be8 {[%emt 0:00:31]} 19. Bd2 {[%emt 0:11:21]} Qb6 {[%emt 0:01:34]} 20. Rb1 {[%emt 0:02:58]} Nh4 {[%emt 0:04:31]} 21. Nxh4 {[%emt 0:02:52]} Bxh4 {[%emt 0:00:12]} 22. b4 {[%emt 0:00:52]} f5 {[%emt 0:14:08]} 23. exf6 {[%emt 0:02:38]} Rxf6 {[%emt 0:00:19]} 24. c5 {[%emt 0:02:08]} Qd8 {[%emt 0:00:16]} 25. g3 {[%emt 0:03:50]} Bh5 {[%emt 0:04:56]} 26. Re5 {[%emt 0:10:36]} Bf3 {[%emt 0:03:04]} 27. a3 {[%emt 0:09:43]} Bg5 {[%emt 0:07:42]} 28. Rbe1 {[%emt 0:03:57]} Bxd2 {[%emt 0:09:08]} 29. Qxd2 {[%emt 0:00:01]} Qd7 {[%emt 0:00:16]} 30. Qc3 {[%emt 0:02:49]} Rbf8 {[%emt 0:08:45]} 31. Qd4 {[%emt 0:00:02]} h5 {[%emt 0:00:57]} 32. h4 {[%emt 0:02:18]} Qf7 {[%emt 0:01:11]} 33. Rg5 {[%emt 0:00:17]} Bg4 {[%emt 0:01:02]} 34. f4 {[%emt 0:00:06]} Bf5 {[%emt 0:01:03]} 35. Be2 {[%emt 0:00:22]} Rh6 {[%emt 0:08:15]} 36. Bf3 {[%emt 0:00:26]} g6 {[%emt 0:02:57]} 37. Qe5 {[%emt 0:01:22]} Qg7 {[%emt 0:00:46]} 38. Qxg7+ {[%emt 0:00:34]} Kxg7 {[%emt 0:00:04]} 39. Kf2 {[%emt 0:00:10]} Kf6 {[%emt 0:00:17]} 40. Re5 {[%emt 0:00:00]} a5 {[%emt 0:00:00]} 41. Re2 {[%emt 0:06:41]} axb4 {[%emt 0:05:47]} 42. axb4 {[%emt 0:02:14]} Rb8 {[%emt 0:00:51]} 43. Rb2 {[%emt 0:02:06]} Rh7 {[%emt 0:00:27]} 44. Be2 {[%emt 0:00:14]} Rhb7 {[%emt 0:01:15]} 45. b5 {[%emt 0:00:36]} cxb5 {[%emt 0:00:04]} 46. Ke3 {[%emt 0:03:56]} b4 {[%emt 0:02:18]} 47. g4 {[%emt 0:04:59]} hxg4 {[%emt 0:00:17]} 48. Bxg4 {[%emt 0:00:06]} Rh7 {[%emt 0:14:35]} 49. Bxf5 {[%emt 0:09:42]} gxf5 {[%emt 0:00:12]} 50. h5 {[%emt 0:00:24]} b3 {[%emt 0:03:08]} 51. Rg6+ {[%emt 0:05:21]} Kf7 {[%emt 0:00:07]} 52. c6 {[%emt 0:00:26]} Rxh5 {[%emt 0:01:12]} 53. c7 {[%emt 0:00:06]} Rc8 {[%emt 0:00:03]} 54. Rbg2 {[%emt 0:00:54]} Rh7 {[%emt 0:00:13]} 55. R6g3 {[%emt 0:00:36]} Rxc7 {[%emt 0:00:10]} 56. Kd4 {[%emt 0:00:10]} Rc4+ {[%emt 0:00:22]} 57. Ke5 {[%emt 0:00:07]} Re4+ {[%emt 0:00:07]} 58. Kd6 {[%emt 0:00:01]} Rxf4 {[%emt 0:03:23]} 59. Rxb3 {[%emt 0:00:02]} Kf6 {[%emt 0:00:47]} 60. Rbg3 {[%emt 0:00:59]} Rg4 {[%emt 0:00:28]} 61. Rxg4 {[%emt 0:00:23]} fxg4 {[%emt 0:00:05]} 62. Rxg4 {[%emt 0:00:14]} Rh5 {[%emt 0:00:07]} 63. Rf4+ {[%emt 0:01:34]} Rf5 {[%emt 0:00:05]} 64. Rg4 {[%emt 0:00:25]} Rf3 {[%emt 0:01:05]} 65. Rg8 {[%emt 0:01:03]} Re3 {[%emt 0:00:05]} 66. Rf8+ {[%emt 0:00:11]} Kg5 {[%emt 0:00:06]} 67. Kc5 {[%emt 0:00:31]} Re4 {[%emt 0:00:12]} 68. Rf1 {[%emt 0:00:24]} Rf4 {[%emt 0:00:08]} 69. Re1 {[%emt 0:00:23]} Kf5 {[%emt 0:00:20]} 70. Kd6 {[%emt 0:00:10]} Re4 {[%emt 0:00:03]} 71. Rf1+ {[%emt 0:00:04]} Kg4 {[%emt 0:00:03]} 72. Kc5 {[%emt 0:00:16]} d4 {[%emt 0:00:48]} 73. Kc4 {[%emt 0:00:21]} e5 {[%emt 0:00:09]} 74. Kd5 {[%emt 0:00:54]} Re3 {[%emt 0:00:04]} 75. Kc4 {[%emt 0:00:44]} d3 {[%emt 0:00:21]} 76. Kc3 {[%emt 0:00:07]} e4 {[%emt 0:00:04]} 77. Rf8 {[%emt 0:01:29]} Re2 {[%emt 0:00:11]} 78. Rg8+ {[%emt 0:00:33]} Kf3 {[%emt 0:00:06]} 79. Rf8+ {[%emt 0:00:07]} Ke3 {[%emt 0:00:05]} 80. Rh8 {[%emt 0:00:16]} Rc2+ {[%emt 0:00:04]} 81. Kb3 {[%emt 0:00:06]} Rc7 {[%emt 0:00:14]} 82. Kb2 {[%emt 0:01:38]} d2 {[%emt 0:00:08]} 83. Rh3+ {[%emt 0:00:26]} Kd4 {[%emt 0:00:05]} 84. Rh1 {[%emt 0:00:41]} e3 {[%emt 0:00:04]} 0-1

[Event "Kazakhstan Cup Women 2020"]
[Site "Almaty"]
[Date "2020.12.17"]
[Round "8.1"]
[White "Nakhbayeva, Guliskhan"]
[Black "Abdumalik, Zhansaya"]
[Result "1-0"]
[WhiteElo "2328"]
[BlackElo "2478"]
[Annotator "TA"]
[PlyCount "55"]
[EventDate "2020.12.01"]
[EventType "tourn"]
[EventCountry "KAZ"]
[SourceTitle "playchess.com"]
[Source "ChessBase"]
[SourceQuality "1"]

{[%evp 17,55,0,38,20,13,18,18,17,43,7,90,96,122,111,333,288,477,482,650,654,852,835,1197,1082,1192,1179,1646,1612,1472,1376,29988,29989,29989,29990,29991,3094,5293,3424,5273,2595]} 1. d4 d5 2. c4 dxc4 3. Nf3 Nf6 4. e3 e6 5. Bxc4 c5 6. O-O a6 7. Qe2 b5 8. Bd3 cxd4 9. exd4 Nc6 10. a4 {D28: Queen's Gambit Accepted: Classical main line: 7 Qe2 with early ...Nc6.} bxa4 11. Nc3 Be7 12. Bg5 {The position is equal.} a3 {[#]} 13. Rad1 $146 {Threatens to win with d5!} (13. Bxf6 $5 axb2 14. Qxb2 (14. Bxg7 bxa1=B 15. Rxa1 Rg8 $11) 14... Bxf6 15. Ne4 $11) ({Predecessor:} 13. Bxf6 Bxf6 14. Rxa3 Nb4 15. Bb5+ Bd7 16. Bxd7+ Qxd7 17. Ne4 Be7 18. Nc5 Qd5 19. Nxa6 Nxa6 20. Rxa6 Rxa6 21. Qxa6 {½-½ (48) Graudins,I (2363)-Gerhards,G (2303) ICCF email 2018}) 13... Nb4 (13... Nxd4 $2 14. Nxd4 Bd7 15. bxa3 $18) (13... axb2 $11 {keeps the balance.} 14. Bxf6 Bxf6) 14. Bxf6 $16 (14. bxa3 $6 Nxd3 15. d5 O-O $11) 14... gxf6 15. d5 {Strongly threatening dxe6.} ({Don't do} 15. bxa3 Nxd3 16. Qxd3 Bb7 $14) ({Don't take} 15. Be4 $6 Nd5 $14) 15... Qa5 $2 (15... axb2 $16 {is a better defense.} 16. dxe6 Bxe6) 16. Be4 {Black must now prevent d6.} Ra7 $2 (16... Nxd5 17. Nxd5 (17. Bxd5 Rb8 $18) 17... exd5) 17. d6 $18 Bd8 {intending ...a2.} 18. bxa3 Nd5 19. Nxd5 {[%mdl 64] [#] Overworked Piece} exd5 20. Bf5+ {[%mdl 64] Discovered Attack} Be6 21. Bxe6 fxe6 22. Qxe6+ Kf8 23. Rfe1 Qxa3 24. Rd4 h5 25. Nh4 Kg7 26. Qxd5 (26. d7 $142 Qa1 27. Nf5+ Kg6 28. Qe8+ Kg5 29. h4+ Kxf5 {[#]} 30. Rf4+ $1 {[%mdl 576] Decoy} Kxf4 31. Qe3+ {[%mdl 64] Double Attack} Kf5 32. Qd3+ {[%mdl 64] Double Attack} Kg4 33. Qh3+ Kf4 34. Qf3#) 26... Qa5 27. Qe4 {White wants to mate with Qg6+.} Qg5 28. Rd3 {Black got outplayed after the opening.  Weighted Error Value: White=0.09/Black=1.08} 1-0

[Event "Kazakhstan Cup Women 2020"]
[Site "Almaty"]
[Date "2020.12.17"]
[Round "8.2"]
[White "Kurmangaliyeva, Liya"]
[Black "Dauletova, Gulmira"]
[Result "0-1"]
[WhiteElo "1974"]
[BlackElo "2319"]
[Annotator "TA"]
[PlyCount "80"]
[EventDate "2020.12.01"]
[EventType "tourn"]
[EventCountry "KAZ"]
[SourceTitle "playchess.com"]
[Source "ChessBase"]
[SourceQuality "1"]

{[%evp 27,80,40,35,0,0,0,0,-10,-4,-31,-30,-24,-29,-47,-25,-55,-58,-111,-108,-303,-166,-276,-275,-710,-339,-325,-338,-827,-842,-1271,-1246,-941,-772,-734,-696,-1625,-1593,-1156,-725,-672,-663,-695,-679,-687,0,-643,-649,-1012,-1011,-3249,-3201,-29974,-29975,-2223,-882]} 1. e4 e5 2. Nf3 Nc6 3. Bb5 a6 4. Ba4 Nf6 5. O-O Be7 6. Re1 b5 7. Bb3 d6 8. c3 O-O 9. h3 Nd7 10. d4 Na5 11. Bc2 c5 12. Nbd2 exd4 13. cxd4 Nc6 14. d5 Nce5 15. Nxe5 {C96: Closed Ruy Lopez: Chigorin Defence: 11 d4, replies other than 11...Qc7.} Nxe5 16. f4 Ng6 17. Nf3 {The position is equal.} Bh4 18. Rf1 Bg3 19. f5 Ne5 20. Nh2 Qh4 {[#]} 21. a4 $146 ({Predecessor:} 21. Qe2 Bd7 22. Be3 b4 23. Nf3 Nxf3+ 24. Rxf3 Be5 25. Rb1 Bb5 26. Qd2 Qe7 27. Bf4 {0-1 (47) Smirnov,T (2138)-Shilyaev,F (2022) Kolomna 2014}) 21... b4 22. f6 (22. Nf3 $15 Qf6 23. b3) 22... gxf6 $17 23. a5 $2 {[#]} (23. Nf3 $17 Qh5 24. Rb1) 23... Bd7 (23... Bxh3 $142 $1 {[%mdl 512]} 24. gxh3 b3) 24. b3 (24. Nf3 $142 Qh5 25. Nxe5 Qxd1 26. Rxd1 Bxe5 27. Rb1) 24... Kh8 $19 25. Bb2 $2 (25. Nf3 Nxf3+ 26. Qxf3 Bxh3 27. Qxf6+ (27. gxh3 $2 Rg8 $19) 27... Qxf6 28. Rxf6) 25... Rg8 (25... Bxh2+ $142 26. Kxh2 Rg8 27. Bxe5 {[#]} Rxg2+ $3 {[%mdl 576] Clearance} 28. Kxg2 Rg8+ 29. Qg4 Rxg4+ 30. hxg4 fxe5) 26. Nf3 Qh6 {Hoping for ...Bxh3!} 27. Nxe5 $2 (27. Bc1 Qg7 28. Kh1) 27... fxe5 28. Rf5 Qe3+ 29. Kh1 Bxf5 30. exf5 Qf2 {And now ...Bf4 would win.} 31. Rb1 Bf4 {[%csl Gg8][%cal Rf2g2]} 32. Be4 Qg3 {[%csl Gf4][%cal Rg3h2]} 33. Qg1 f6 34. Bf3 Qh4 35. Qf1 Qg3 {[%csl Gf4][%cal Rg3h2]} 36. Qg1 Rg5 {...Rag8 is the strong threat.} 37. Rf1 Rag8 38. Ba1 Qh4 39. Rd1 {[#]} Rg3 $1 40. Qf1 Qg5 {White got outplayed after the opening.  Weighted Error Value: White=1.23/Black=0.60} (40... Be3 $142 41. Rb1 e4 42. Bxf6+ Qxf6 43. Bxe4 Bd4) 0-1

[Event "Kazakhstan Cup Women 2020"]
[Site "Almaty"]
[Date "2020.12.17"]
[Round "8.3"]
[White "Serikbay, Assel"]
[Black "Kairbekova, Amina"]
[Result "1-0"]
[WhiteElo "2247"]
[BlackElo "2065"]
[Annotator "TA"]
[PlyCount "73"]
[EventDate "2020.12.01"]
[EventType "tourn"]
[EventCountry "KAZ"]
[SourceTitle "playchess.com"]
[Source "ChessBase"]
[SourceQuality "1"]

{[%evp 14,73,39,32,52,56,50,60,52,52,60,56,56,37,52,23,22,25,109,9,9,3,3,15,5,-29,150,150,150,152,225,208,455,431,488,475,434,281,310,319,493,490,462,463,475,454,458,447,1408,1240,1602,1568,29973,29974,29974,29975,29975,29976,6902,6821,1807,1315]} 1. d4 Nf6 2. c4 e6 3. g3 d5 4. Nf3 dxc4 5. Bg2 a6 6. O-O Nc6 7. e3 Rb8 {is the new trend.} 8. Nfd2 e5 {E04: Open Catalan: 5 Nf3.} 9. Bxc6+ bxc6 10. dxe5 Ng4 {White is slightly better.} 11. Nxc4 Be6 12. Nbd2 Bb4 13. Qc2 h5 14. b3 h4 15. Nf3 $1 $36 {[%mdl 2048] h3 is the strong threat. White fights for an advantage.} f5 (15... hxg3 $11 16. hxg3 Qd7) 16. e4 (16. Nxh4 Rxh4 17. Rd1 {[#]} (17. gxh4 $2 Nxh2 18. Nd6+ {[%mdl 64] Discovered Attack} cxd6 $19) 17... Qxd1+ $3 {[%mdl 512]} 18. Qxd1 Rxh2 $17) (16. gxh4 Nxh2 17. Nxh2 (17. Kxh2 $2 Rxh4+ 18. Nxh4 Qxh4+ 19. Kg2 Qg4+ 20. Kh1 Kf7 $19) 17... Qxh4 $17) (16. h3 $16 hxg3 17. hxg4) 16... hxg3 $11 17. hxg3 {And now Bg5 would win.} fxe4 $1 18. Qxe4 {[#]} Qd5 $146 ({Predecessor:} 18... Qd7 19. Qg6+ Kf8 20. Nh4 Kg8 21. Be3 Rb5 22. Bf4 Be7 23. Bg5 Bf7 24. e6 Bxg6 25. exd7 Rxg5 {½-½ (81) Jumabayev,R (2630)-Gelfand,B (2686) Douglas 2019}) 19. Qe2 O-O $2 ({Black should try} 19... Bc5 $11) 20. Bf4 $16 {Black is now going downhill.} Bf5 {Hoping for ...Bd3.} 21. Rad1 Qf7 (21... Qe4 $16 22. Qxe4 Bxe4) 22. Kg2 $18 Bc5 $2 (22... Rbd8 {keeps fighting.} 23. Nd4 Rxd4 24. Rxd4 Bc5) 23. Ng5 Qh5 {Strongly threatening ...Qh2+.} 24. Rh1 Qg6 25. Nd2 {aiming for Qc4+.} Rb4 26. a3 ({Don't blunder} 26. Qxa6 $2 Nxf2 27. Ndf3 Be4 $19) 26... Rxf4 (26... Rd4 $142 27. b4 Be7) 27. gxf4 {Black must now prevent Qc4+.} Be6 28. Nde4 Rxf4 {Threatens to win with ...Be7.} 29. Rd8+ ({Wrong is} 29. Nxc5 $2 Qxg5 30. f3 (30. Rd8+ $2 Qxd8 31. Kg3 Rxf2 $19) 30... Ne3+ 31. Kf2 Nxd1+ 32. Rxd1 Bg4 $19) 29... Bf8 30. Qd2 Rf7 (30... Rf5 $142 31. f4 Nh6) 31. Nxf7 Qxe4+ 32. f3 {[%mdl 64] Double Attack} Ne3+ {[#]} 33. Kf2 $1 Ng4+ 34. Kg3 Qe3 35. Qxe3 Nxe3 36. Ng5 Bxb3 37. Nh7 {Weighted Error Value: White=0.22/Black=0.63} 1-0

[Event "Kazakhstan Cup Women 2020"]
[Site "Almaty"]
[Date "2020.12.17"]
[Round "8.4"]
[White "Kamalidenova, Meruert"]
[Black "Nurmanova, Alua"]
[Result "0-1"]
[WhiteElo "2231"]
[BlackElo "2026"]
[Annotator "TA"]
[PlyCount "102"]
[EventDate "2020.12.01"]
[EventType "tourn"]
[EventCountry "KAZ"]
[SourceTitle "playchess.com"]
[Source "ChessBase"]
[SourceQuality "1"]

{[%evp 12,102,23,18,41,18,22,4,12,0,13,-17,0,-17,-21,-17,-6,-29,0,-56,9,-23,-9,-115,-107,-123,-119,-143,-141,-166,-153,-169,-135,-169,-169,-170,-170,-168,-169,-169,-162,-330,-234,-296,-297,-257,-294,-292,-293,-292,-294,-277,-285,-278,-252,-401,-395,-450,-361,-425,-257,-616,-604,-629,-608,-586,-583,-714,-722,-669,-637,-1064,-1055,-984,-885,-1177,-1063,-1032,-1808,-1704,-1656,-1778,-1323,-2441,-2359,-6560,-6245,-5842,-2300,-5527,-3684,-29983,-29984]} 1. e4 c5 2. Nf3 d6 3. d4 cxd4 4. Nxd4 Nf6 5. Nc3 a6 6. h3 e6 7. g4 Nfd7 {B81: Sicilian Scheveningen: Keres Attack.} 8. Bg2 Nc6 9. O-O Be7 {The position is equal.} 10. Be3 O-O 11. Qe2 Qc7 12. f4 Nxd4 13. Bxd4 b5 14. a3 {[#]} Rb8 $146 {[%cal Ba8b8,Bb8b6,Bb6c6][%mdl 32]} ({Predecessor:} 14... Bb7 15. g5 Rac8 16. Be3 Qc4 17. Qg4 a5 18. Rad1 b4 19. Rd4 Qc7 20. axb4 axb4 21. Rxb4 {1-0 (43) Ergazakis,I (2228)-Tsaknakis,Z (2170) Rio Achaea 2018}) 15. f5 (15. g5 $11) 15... b4 (15... Bb7 $15) 16. Nd1 Ne5 17. a4 (17. axb4 $11 Rxb4 18. Bc3) 17... a5 {Black keeps a firm grip on the game.} 18. b3 Bf6 {Strongly threatening ...Nf3+!} 19. Bb2 Rb6 {aiming for ...Ba6.} 20. Qd2 h6 21. Bd4 Rc6 22. Ne3 Ba6 23. Rf2 Rc8 24. Bf1 Bxf1 25. Raxf1 {[#]} Bg5 $1 26. Rc1 $2 {[#]} (26. Qe2) 26... Rc3 $1 {[%mdl 512] ...Qb7 is the strong threat.} 27. Bxc3 Qxc3 28. Qxc3 Rxc3 29. Nd1 Bxc1 30. Nxc3 bxc3 31. Kf1 Be3 32. Rg2 g5 33. Ke2 (33. fxg6 $142 fxg6 34. Ke2) 33... Bd4 $19 34. Rh2 Kg7 35. Rh1 Bc5 36. Rd1 $2 (36. fxe6 fxe6 37. Re1) 36... exf5 37. exf5 {[#]} h5 $1 38. gxh5 Kh6 39. Kf1 Kxh5 40. Kg2 g4 41. Kg3 gxh3 42. Kxh3 Kg5 43. Rf1 Nc6 44. Rf3 Bd4 45. Rg3+ Kxf5 46. Rg2 Ke4 47. Kg3 f5 48. Re2+ Be3 49. Rg2 Nd4 50. Kh3 f4 51. Kg4 f3 {Weighted Error Value: White=1.00/Black=0.12} 0-1

[Event "Kazakhstan Cup Women 2020"]
[Site "Almaty"]
[Date "2020.12.17"]
[Round "8.5"]
[White "Abdildayeva, Laura"]
[Black "Balabayeva, Xeniya"]
[Result "0-1"]
[WhiteElo "1845"]
[BlackElo "2146"]
[Annotator "TA"]
[PlyCount "128"]
[EventDate "2020.12.01"]
[EventType "tourn"]
[EventCountry "KAZ"]
[SourceTitle "playchess.com"]
[Source "ChessBase"]
[SourceQuality "1"]

{[%evp 15,128,14,62,39,41,14,10,9,4,0,20,16,26,-1,25,-7,0,0,0,-4,14,-40,-13,-48,0,0,14,20,18,15,14,22,36,16,21,-22,8,0,0,0,0,0,10,0,6,5,39,29,87,33,66,63,69,79,48,21,32,31,37,6,7,0,17,0,0,0,0,0,0,0,0,0,0,0,0,0,0,-64,-29,-29,-29,-29,-29,-57,-39,-155,-161,-157,-65,-69,-67,-87,-30,-31,0,-34,0,-26,0,-33,-28,-35,-33,-43,-34,-102,-88,-97,-82,-127,-131,-5693,-12823,-29998,-29999]} 1. d4 Nf6 2. Nf3 e6 3. c4 b6 4. g3 Bb7 5. Bg2 Bb4+ 6. Bd2 Be7 7. O-O O-O 8. Nc3 d6 9. Qc2 {E16: Queen's Indian: 4 g3 Bb7 5 Bg2 Bb4+.} c5 10. Rad1 cxd4 11. Nxd4 {The position is equal.} Bxg2 12. Kxg2 a6 {[#]} 13. b3 $146 ({Predecessor:} 13. e4 Qc7 14. b3 Nbd7 15. Qd3 Rfe8 16. f3 Rac8 17. Rc1 Bf8 18. Rfd1 Qb7 19. Bg5 {1-0 (58) Schreiner,R (2112)-Antemia,P (2080) Bayern 2010}) 13... Qc7 14. Kg1 Nbd7 15. Bc1 Rac8 16. Bb2 Qb7 17. Qb1 Nc5 18. Rd2 (18. f3 $11) 18... Rfd8 19. Rfd1 h6 (19... b5 $5) 20. f3 Qa7 21. Kg2 Bf8 22. e4 Qb7 23. Re2 Be7 24. Kg1 Ne8 25. f4 Nc7 26. b4 Nd7 27. b5 axb5 28. cxb5 Re8 29. Nc6 Bf8 $1 30. a4 Nc5 31. Ba3 d5 (31... N7a6 $11) 32. exd5 ({White should try} 32. Bxc5 $16 Bxc5+ 33. Kg2) 32... Nxd5 33. Nxd5 exd5 34. Rxe8 Rxe8 35. Rxd5 {And now a5 would win.} Nxa4 36. Bxf8 Rxf8 37. Qd3 Nc5 38. Qd1 Qc7 39. Qa1 Re8 40. Re5 Qd7 41. Rxe8+ Qxe8 42. Qe5 Qd7 43. Nd4 f6 44. Qe3 Kh7 45. f5 Qd5 46. g4 (46. Ne6 $11) 46... Nd7 47. h3 Ne5 48. Kf2 Nc4 49. Qc3 Nd6 {aiming for ...Ne4+.} 50. Qb4 {[#]} ({Only move:} 50. Qe3 $15) 50... Ne4+ $1 $17 51. Ke2 {[#]} Nc5 (51... Ng5 $1 $17 {Threatens to win with ...Qe4+.} 52. Ne6 Nxe6 53. fxe6 Qxe6+ 54. Kd3 f5 55. gxf5 Qxf5+ 56. Kd2 Qg5+ 57. Ke2 Qg2+ 58. Ke1 Qg3+ 59. Kd2 Qg5+ 60. Ke2 Qg2+ 61. Kd1 Qd5+ 62. Ke2 h5) 52. Qc3 $1 $15 Qg2+ 53. Ke1 Qe4+ (53... Qh1+ $17 54. Ke2 Qh2+ 55. Ke1 Qh1+ 56. Ke2 Qh2+ 57. Ke1 Qg1+ 58. Ke2 Qh2+) 54. Kd2 $11 Qd5 {Hoping for ...Ne4+.} 55. Ke2 Ne4 56. Qd3 Nd6 57. Kd2 Nc4+ 58. Kc2 Ne5 59. Qc3 Qe4+ 60. Kb2 ({Better is} 60. Kd2 $15) 60... Nd3+ 61. Ka3 Nc5 62. Qd2 Qb1 {Strongly threatening ...Qa1+.} 63. Qe3 $2 {[%mdl 8192]} (63. Qc3 $17) 63... Nd3 $19 {( -> ...Qb4+)} 64. Nb3 Qb2+ {Weighted Error Value: White=0.41/Black=0.14} 0-1

[Event "Kazakhstan Cup Women 2020"]
[Site "Almaty"]
[Date "2020.12.18"]
[Round "9.1"]
[White "Kairbekova, Amina"]
[Black "Nakhbayeva, Guliskhan"]
[Result "1-0"]
[WhiteElo "2065"]
[BlackElo "2328"]
[Annotator "TA"]
[PlyCount "106"]
[EventDate "2020.12.01"]
[EventType "tourn"]
[EventCountry "KAZ"]
[SourceTitle "playchess.com"]
[Source "ChessBase"]
[SourceQuality "1"]

{[%evp 9,106,-9,0,0,6,-10,13,16,32,25,20,35,43,35,84,65,100,65,85,84,87,75,103,108,129,128,192,182,289,268,236,216,216,207,199,200,201,208,209,203,221,196,221,220,247,239,244,244,250,242,271,225,370,373,360,374,690,687,664,660,787,796,913,927,850,622,620,608,608,606,659,644,704,696,703,697,684,679,723,700,761,735,820,814,878,870,1850,1689,29966,29971,29966,29967,2276,2018,1607,1747,29987,2206,29982]} 1. e4 e6 2. d4 d5 3. Bd3 dxe4 4. Bxe4 Nf6 5. Bf3 Bd6 6. Nc3 {C01: French: Exchange Variation.} O-O 7. Nge2 Nbd7 8. Nb5 {The position is equal.} e5 {Strongly threatening ...e4.} 9. Nxd6 cxd6 10. Ng3 Qa5+ 11. c3 {[#]} e4 $146 ({Predecessor:} 11... exd4 12. Qxd4 Ne5 13. Be2 Bg4 14. Bxg4 Nexg4 15. O-O Rfe8 16. Bf4 Ne5 17. c4 Qc5 18. Bxe5 Rxe5 {1-0 (60) Karavade,E (2388)-Mammadova,G (2362) Khanty-Mansiysk 2017}) 12. Be2 (12. Nxe4 $2 Re8 $19) 12... Nb6 13. Qc2 Be6 14. O-O (14. Nxe4 $6 Nxe4 15. Qxe4 Bc4 $11) 14... Rfe8 15. Bf4 (15. Nxe4 $2 Nxe4 16. Bd3 (16. Qxe4 $2 Bc4 $19) 16... Nf6 $19) 15... Qd5 16. b3 Rac8 17. Qb2 Bg4 (17... Qc6 $16) 18. c4 Qc6 (18... Qe6 $142 19. d5 Qd7) 19. Bxg4 $18 Nxg4 20. Nf5 {Hoping for d5.} d5 {And now ...Qf6 would win.} 21. Qe2 Nf6 {[%cal Rd5c4] [#]} 22. c5 $1 {[%cal Rc5b6]} Nbd7 23. Nd6 {[%mdl 64] Double Attack} Nf8 24. Nxe8 Rxe8 25. a4 Ng6 26. Be3 Qe6 27. b4 Qf5 28. Ra3 Re6 29. Bd2 Nh4 30. Kh1 Nh5 (30... h6 $142 31. a5 Ne8) 31. g4 Qg6 32. Rh3 e3 $2 (32... Nf3) 33. Rxe3 ({Avoid the trap} 33. Rxh4 $2 Nf4 $19) 33... Nf4 34. Rxe6 Nxe6 35. f4 Qc2 36. f5 Nf8 37. Qe3 h5 38. h3 hxg4 39. hxg4 Qxa4 40. Be1 Qa6 41. Rg1 ({Stronger than} 41. Bxh4 Qxf1+ 42. Kh2 Qd1 $11) 41... Qf6 42. g5 Qxf5 43. Bxh4 Qh7 44. Rg4 Qf5 45. Rf4 Qb1+ 46. Qe1 Qb2 47. Qf2 Qxb4 48. Rxf7 Ng6 49. Rxg7+ Kxg7 50. Qf6+ Kh7 51. Qf7+ {[%mdl 64] [#] Double Attack} Kh8 52. Qxg6 {White wants to mate with Qf6+.} Qc3 53. Kg2 (53. Qf6+ $142 Kg8 54. g6 Qh3+ 55. Kg1 Qe3+ 56. Kh2 Qd2+ 57. Kh3 Qe3+ 58. Bg3) 53... Qd2+ {Black got outplayed after the opening.  Weighted Error Value: White=0.11/Black=0.36} 1-0

[Event "Kazakhstan Cup Women 2020"]
[Site "Almaty"]
[Date "2020.12.18"]
[Round "9.2"]
[White "Abdumalik, Zhansaya"]
[Black "Abdildayeva, Laura"]
[Result "1-0"]
[WhiteElo "2478"]
[BlackElo "1845"]
[Annotator "TA"]
[PlyCount "55"]
[EventDate "2020.12.01"]
[EventType "tourn"]
[EventCountry "KAZ"]
[SourceTitle "playchess.com"]
[Source "ChessBase"]
[SourceQuality "1"]

{[%evp 12,55,25,16,21,8,12,9,20,7,46,37,69,55,79,79,66,78,81,66,72,66,48,51,47,54,56,56,55,58,210,74,78,37,185,229,472,473,777,751,1443,1443,1590,1541,29988,29989]} 1. e4 e6 2. d4 d5 3. Nc3 Bb4 4. e5 c5 5. a3 Ba5 6. b4 cxd4 7. Qg4 Kf8 {now supersedes 7...Ne7. C18: French: 3 Nc3 Bb4: Main line: 7 h4 and 7 Qg4.} 8. Nb5 Bb6 9. Nf3 Nc6 {The position is equal.} 10. Bb2 $1 Nh6 11. Qf4 a5 12. Nbxd4 axb4 13. Nxc6 bxc6 14. axb4 Rxa1+ 15. Bxa1 c5 16. Be2 Nf5 {[#]} 17. O-O $146 ({Predecessor:} 17. Bd3 h6 18. Bxf5 g5 19. Qd2 exf5 20. bxc5 Bxc5 21. O-O Be6 22. c4 g4 23. Nd4 Bxd4 24. Qxd4 {½-½ (29) Talbi,C (2213)-Barsov,A (2493) Zeralda 2014}) 17... h6 18. bxc5 Bxc5 19. h4 g6 20. Bd3 Kg7 $2 ({Black should play} 20... Kg8 $14) 21. Rb1 (21. g4 $18 {and the rest is easy.}) 21... Be7 $16 {[%cal Rf5h4]} 22. g3 (22. h5 $5) 22... g5 {[#]} (22... Qa5 $14) 23. Qa4 $1 $18 Bd7 $2 (23... Rf8 {keeps fighting.} 24. Qg4 h5 25. Qxh5 Rh8) 24. Qa7 Be8 (24... g4 $142 25. Bxf5 gxf3) 25. Bxf5 exf5 26. Rb8 Bc5 27. e6+ ({Not} 27. Rxd8 Bxa7 28. e6+ (28. hxg5 hxg5 29. Nxg5 d4 $18) (28. Rxd5 Kf8 $18) 28... f6 $18) 27... d4 28. Qxc5 {[%mdl 64] Double Attack.  Weighted Error Value: White=0.08/Black=0.90} 1-0